MARC details
| 000 -CABECERA |
| campo de control de longitud fija |
00924nam a2200241 a 4500 |
| 001 - NÚMERO DE CONTROL |
| campo de control |
000015839 |
| 003 - IDENTIFICADOR DEL NÚMERO DE CONTROL |
| campo de control |
DO-SdBNP |
| 005 - FECHA Y HORA DE LA ÚLTIMA TRANSACCIÓN |
| campo de control |
20221003114421.0 |
| 007 - CAMPO FIJO DE DESCRIPCIÓN FÍSICA--INFORMACIÓN GENERAL |
| campo de control de longitud fija |
ta |
| 008 - DATOS DE LONGITUD FIJA--INFORMACIÓN GENERAL |
| campo de control de longitud fija |
100219s1956 xxu 001 0 spa d |
| 040 ## - FUENTE DE LA CATALOGACIÓN |
| Centro catalogador/agencia de origen |
DO-SdBNP |
| Lengua de catalogación |
spa |
| Centro/agencia transcriptor |
BNPHU |
| 082 ## - NÚMERO DE LA CLASIFICACIÓN DECIMAL DEWEY |
| Número de clasificación |
xxxx |
| Número de documento/Ítem |
C748e |
| 111 2# - ENTRADA PRINCIPAL--NOMBRE DE CONGRESO/REUNIÓN |
| Nombre de congreso/reunión o jurisdicción como elemento de entrada |
Conferencia Especializada Interamericana sobre preservación de los recursos naturales |
| Número del congreso/reunión o número de parte o sección |
(15 -28, marzo |
| Fecha del congreso/reunión |
1956 : |
| Sede del congreso/Lugar de la reunión |
Santo Domingo, Dominica República) |
| 9 (RLIN) |
35650 |
| 245 10 - MENCIÓN DE TÍTULO |
| Título |
Conferencia especializada Interamericana sobre preservación de los recursos naturales : |
| Resto del título |
plataforma submarina y aguas del mar. / |
| 260 ## - PUBLICACIÓN, DISTRIBUCIÓN, ETC. |
| Lugar de publicación, distribución, etc. |
Washington, Estados Unidos : |
| Nombre del editor, distribuidor, etc. |
Unión Panamericana |
| Fecha de publicación, distribución, etc. |
1956. |
| 300 ## - DESCRIPCIÓN FÍSICA |
| Extensión |
40 p. ; |
| Dimensiones |
27 cm. |
| 490 1# - MENCIÓN DE SERIE |
| Mención de serie |
Conferencias y Organismos |
| 500 ## - NOTA GENERAL |
| Nota general |
Acta final. |
| 500 ## - NOTA GENERAL |
| Nota general |
División de conferencias y organismos. Departamento Jurídico. |
| 590 ## - NOTA LOCAL (RLIN) |
| Nota local |
Inventariado, 2022/ YL |
| 910 ## - DATOS DE OPCIÓN DEL USUARIO (OCLC) |
| Datos de opción del usuario |
YLockward |
| 942 ## - ELEMENTOS DE PUNTO DE ACCESO ADICIONAL (KOHA) |
| Fuente del sistema de clasificación o colocación |
Dewey Decimal Classification |
| Tipo de ítem Koha |
Folleto |